Hazardous waste management / (Record no. 564489)
[ view plain ]
| 000 -LEADER | |
|---|---|
| fixed length control field | 00644nam a2200157Ia 4500 |
| 008 - FIXED-LENGTH DATA ELEMENTS--GENERAL INFORMATION | |
| fixed length control field | 210430s9999 xx 000 0 und d |
| 020 ## - INTERNATIONAL STANDARD BOOK NUMBER | |
| International Standard Book Number | 0070393656 (alk. paper) |
| 082 ## - DEWEY DECIMAL CLASSIFICATION NUMBER | |
| Classification number | 363.7287 L172 H |
| 100 ## - MAIN ENTRY--PERSONAL NAME | |
| Personal name | Michael D. LaGrega, Phillip L. Buckingham, Jeffrey C. Evans |
| 9 (RLIN) | 129038 |
| 245 ## - TITLE STATEMENT | |
| Title | Hazardous waste management / |
| Statement of responsibility, etc. | LaGrega, Michael D. |
| 250 ## - EDITION STATEMENT | |
| Edition statement | 2nd edition |
| 260 ## - PUBLICATION, DISTRIBUTION, ETC. | |
| Place of publication, distribution, etc. | Boston, MA : |
| Name of publisher, distributor, etc. | McGraw-Hill, |
| Date of publication, distribution, etc. | 2001 |
| 300 ## - PHYSICAL DESCRIPTION | |
| Extent | xxvi, 1201 p. : |
| 856 ## - ELECTRONIC LOCATION AND ACCESS | |
| Uniform Resource Identifier | <a href="http://www.loc.gov/catdir/bios/mh041/00059453.html | http://www.loc.gov/catdir/description/mh021/00059453.html | http://www.loc.gov/catdir/toc/mh021/00059453.html">http://www.loc.gov/catdir/bios/mh041/00059453.html | http://www.loc.gov/catdir/description/mh021/00059453.html | http://www.loc.gov/catdir/toc/mh021/00059453.html</a> |
| 942 ## - ADDED ENTRY ELEMENTS (KOHA) | |
| Source of classification or shelving scheme | |
| Koha item type | Book |
| Withdrawn status | Lost status | Damaged status | Not for loan | Collection code | Permanent Location | Current Location | Shelving location | Date acquired | Total Checkouts | Full call number | Barcode | Date last seen | Price effective from | Koha item type |
|---|---|---|---|---|---|---|---|---|---|---|---|---|---|---|
| School of Chemical & Materials Engineering (SCME) | School of Chemical & Materials Engineering (SCME) | General Stacks | 363.7287 L172 H | SCME-3703 | 04/30/2021 | 04/30/2021 | Book |
